000 00500nam a22001817a 4500
005 20251204163119.0
008 251008b |||||||| |||| 00| 0 eng d
020 _a978-98-5466-458-8
041 _aeng
082 _a616.07 SOO-H
100 _aSOOD, RAMNIK
_98726
245 _aHEMATOLOGY: FOR STUDENTS AND PRACTITIONERS INCLUDING PRACTICAL HEMATOLOGY
250 _a7 TH ED.
260 _aNEW DELHI
_bC.B.S PUBLISHERS
300 _a805;P
650 _aPARAMEDICAL
_xBMIRT/BMLT
_98848
942 _cBK
999 _c8900
_d8898